Les drapeaux européens - Couleurs inversées - Statistiques

Statistiques générales
  • Ce quiz a été pris 88 fois
  • Le résultat moyen est 21 sur 28
Statistiques - réponses
Par images Réponse % Correct
Royaume-Uni
96%
France
93%
Suede
93%
Croatie
91%
Albanie
89%
Portugal
89%
Espagne
87%
Grèce
87%
Republique-Tchèque
87%
Finlande
86%
Pologne
86%
Belgique
84%
Italie
84%
Macédoine-du-Nord
84%
Danemark
80%
Malte
79%
Slovaquie
78%
Andorre
76%
Norvege
75%
Monténégro
74%
Ukraine
74%
Irlande
64%
Lettonie
64%
Pays-Bas
62%
Roumanie
53%
Hongrie
37%
Estonie
33%
Lituanie
33%
Aucun quiz correspondant
Distribution des résultats
% des personnes avec chaque résultat
Percentile par nombre de réponses
Votre historique - résultats
Vous n’avez pas pris ce quiz